000 00456nam a22001817a 4500
008 170620b xxu||||| |||| 00| p tur d
020 _a9757172774
041 _atur
050 _aPL248.E76
100 _a Erözçelik, Seyhan
_9396
245 _aYağmur Taşı
250 _a1. baskı
260 _aİstanbul
_bSimurg Kitapçılık
_c2004
300 _a173 sayfa
500 _aSimurg: 77; Şiir: 3
650 0 _9145
_aTürk Edebiyatı
942 _2lcc
_cBK
999 _c420
_d415